000 00707nam a22002297a 4500
003 OSt
005 20260129032735.0
008 260129b |||||||| |||| 00| 0 eng d
020 _a978-0-470-05151-1.
040 _aDWCL-Main lib
_cOC
082 _23rd edition
_aCirc. 005.133 W756b 2007
100 _aWilton, Paul
245 _aBeginning Javascript
_cWilton, Paul
260 _aIndiana :
_bWiley Publishing, Inc.,
_cc2007.
300 _axxii, 767 pages :
_billustration ;
_c23 cm.
504 _aIncludes index.
650 _a1. JavaScript (Computer program language)
650 _a2. Web servers
650 _a3. World wide web
700 _aMcpeak, Jeremy
942 _2ddc
_cBK-CIRC
_e3rd ed.
_kCirc.
_n0
999 _c7944
_d7944